000 01307nam a22003017a 4500
001 933
005 20230714143643.0
008 230714b cb ||||| |||| 00| 0 eng d
020 _a9780439929516
020 _a0439929512
040 _aBTCTA
_cBTCTA
_dBAKER
_dHCO
_dLEO
_dDLC
_beng
050 0 0 _aMLCS 2011/42289 (P)
082 _a479
100 1 _aGregory, Kristiana.
245 1 0 _aClue at the bottom of the lake /
_cby Kristiana Gregory ; illustrated by Patrick Faricy.
260 _aNew York :
_bScholastic,
_c2008.
300 _a158 pages :
_billustrations, map ;
_c20 cm.
500 _a"Little Apple"--Spine.
505 _aO
520 _a"It's the middle of the night when Jeff spots someone dumping a large bundle into the lake. It's too dark to identify anyone -- or anything. But the cousins immediately suspect foul play, and plunge right into the mystery. Before they know it, the kids of Cabin Creek are in too deep. Everyone is a suspect -- and the cousins are all in danger!"--P. [4] of cover.
521 _a620
_bLexile
521 _a620
_bRaz-Plus
650 _aCabin Creek
_vjuvenile fiction
_xkids
650 _aCabin Creek
_vjuvenile fiction
_xkids
700 1 _aFaricy, Patrick,
_eillustrator.
906 _a7
_bcbc
_ccopycat
_d4
_encip
_f20
_gy-gencatlg
942 _2ddc
_cBK
_n0
999 _c933
_d933